| 000 | 01129cam a2200337 a 4500 | ||
|---|---|---|---|
| 001 | 13189371 | ||
| 003 | OSt | ||
| 005 | 20140310184443.0 | ||
| 008 | 030507s2003 nyua j 000 1 eng | ||
| 010 | _a 2003010439 | ||
| 020 | _a0439376114 | ||
| 040 |
_aDLC _cDLC _dDLC |
||
| 042 | _alcac | ||
| 050 | 0 | 0 |
_aPZ 7 _b.P63123Cas 2003 |
| 100 | 1 |
_aPilkey, Dav, _d1966- _927589 |
|
| 245 | 1 | 0 |
_aThe revenge of the ridiculous Robo-Boogers / _cDav Pilkey. |
| 260 |
_aNew York : _bBlue Sky Press, _c2003. |
||
| 300 |
_a173, _bcol. ill. ; _c19 cm. |
||
| 521 | _aG6 | ||
| 526 | _c850 | ||
| 650 | 1 |
_aSchool principals _vFiction. _927590 |
|
| 650 | 1 |
_aSchools _vFiction. _927591 |
|
| 650 | 1 |
_aHeroes _vFiction. _927592 |
|
| 650 | 1 |
_aCartoons and comics _vFiction. _927593 |
|
| 650 | 1 |
_aHumorous stories. _93831 |
|
| 856 | 4 | 2 |
_3Publisher description _uhttp://www.loc.gov/catdir/description/schol051/2003010439.html |
| 906 |
_a7 _bcbc _corignew _d1 _eecip _f20 _gy-gencatlg |
||
| 942 |
_2lcc _cBK-SCHOLAS |
||
| 999 |
_c34484 _d34484 |
||